[Event "US Open"]
[Site "Los Angeles USA"]
[Date "2003.08.10"]
[Round "6"]
[White "Liu,E"]
[Black "Douthwaite,B"]
[Result "1-0"]
[WhiteElo "2053"]
[BlackElo "2150"]

1.e4 c5 2.Nf3 d6 3.d4 cxd4 4.Nxd4 Nf6 5.Nc3 a6 6.f3 e6 7.Be3 Be7 8.g4 Nc6
9.Qd2 Nxd4 10.Bxd4 e5 11.Be3 Be6 12.g5 Nd7 13.Nd5 Bxd5 14.exd5 b5 15.O-O-O Qc7
16.h4 Rc8 17.h5 Nb6 18.Rh2 Nc4 19.Bxc4 bxc4 20.Qc3 O-O 21.f4 f5 22.h6 g6
23.Rhd2 Bd8 24.fxe5 dxe5 25.d6 Qa5 26.Qxa5 Bxa5 27.Rd5 Bd8 28.Rxe5 f4 29.d7 Rb8
30.Bc5 Rf5 31.Re8+ Kf7 32.Rf8+ Ke6 33.Rd6+ Ke5 34.Re8+  1-0

[Event "19th Open"]
[Site "Faaker-See AUT"]
[Date "2003.08.11"]
[Round "4"]
[White "Muellneritsch,A"]
[Black "Butunoi,A"]
[Result "1-0"]
[WhiteElo "2216"]
[BlackElo "2412"]

1.e4 c5 2.Nf3 d6 3.d4 cxd4 4.Nxd4 Nf6 5.Nc3 a6 6.f3 e6 7.Be3 Nbd7 8.g4 h6
9.Qd2 b5 10.h4 Bb7 11.Rg1 g6 12.g5 hxg5 13.hxg5 Nh5 14.a3 Nb6 15.O-O-O e5
16.Ndxb5 axb5 17.Bxb5+ Nd7 18.Na4 Bc8 19.Bb6 Qe7 20.Bc7 Ra7 21.Qc3 Rxc7 22.Qxc7 Qd8
23.Qc6 Be7 24.Nb6 Bxg5+ 25.Kb1 O-O 26.Nxd7 Bxd7 27.Qxd7 Be3 28.Qxd8 Rxd8
29.Rge1 Bg5 30.Bc4 Kg7 31.Rd5 Nf4 32.Rb5 Bh4 33.Rh1 Bf2 34.Rd1 f5 35.exf5 e4
36.fxe4 g5 37.e5 g4 38.Rb7+ Kf8 39.e6 Re8 40.Rh1 Bd4 41.Rh4  1-0

[Event "19th Open"]
[Site "Faaker-See AUT"]
[Date "2003.08.11"]
[Round "4"]
[White "Tokmachev,M"]
[Black "Frank,P"]
[Result "1-0"]
[WhiteElo "2285"]
[BlackElo "2188"]

1.e4 c5 2.Nf3 d6 3.d4 cxd4 4.Nxd4 Nf6 5.Nc3 a6 6.Be3 Ng4 7.Bc1 Nf6 8.f3 e6
9.Be3 Be7 10.Qd2 b5 11.g4 h6 12.O-O-O Bb7 13.h4 Nbd7 14.Bh3 b4 15.Nce2 d5
16.g5 Nh5 17.g6 Nc5 18.gxf7+ Kxf7 19.e5 g6 20.Bxh6 Bxh4 21.Rdg1 Qe7 22.Nxe6 Nxe6
23.Bxe6+ Kxe6 24.Rxg6+ Kd7 25.Rg4 Qxe5 26.Rgxh4 Ng7 27.Rxb4 Bc6 28.Nd4 Nf5
29.Nxc6 Kxc6 30.Re1 Qf6 31.Bg5 Qg7 32.Re6+ Nd6 33.Rc4+ Kd7 34.Rxd6+ Kxd6
35.Qf4+  1-0

[Event "9th Open"]
[Site "Pilsen-Lobzy CZE"]
[Date "2003.08.18"]
[Round "3"]
[White "Staszko,M"]
[Black "Maurer,J"]
[Result "0-1"]
[WhiteElo "2083"]
[BlackElo "2186"]

1.e4 c5 2.Nf3 d6 3.d4 cxd4 4.Nxd4 Nf6 5.Nc3 a6 6.f3 e5 7.Nb3 Be6 8.Be3 h5
9.Qd2 Nbd7 10.Be2 Rc8 11.O-O Be7 12.Nd5 Bxd5 13.exd5 g6 14.c4 b6 15.Rfd1 Kf8
16.Rac1 a5 17.Qe1 h4 18.f4 exf4 19.Bxf4 Nh5 20.Be3 Bg5 21.Bg4 Rc7 22.Bxd7 Rxd7
23.Qd2 Bxe3+ 24.Qxe3 Re7 25.Qf2 Re4 26.Rd4 Qe7 27.Rxe4 Qxe4 28.Rf1 f5 29.Nd4 h3
30.Ne6+ Kg8 31.gxh3 Qxc4 32.Qxb6 Qxd5 33.Qd8+ Kh7 34.Ng5+ Kh6 35.Nf7+ Qxf7
36.Qxh8+ Kg5 37.Qd8+ Nf6 38.Qxd6 Qa7+ 39.Rf2 Qxf2+ 40.Kxf2 Ne4+  0-1

[Event "9th Open"]
[Site "Pilsen-Lobzy CZE"]
[Date "2003.08.21"]
[Round "6"]
[White "Petr,Ma"]
[Black "Reitinger,P"]
[Result "1-0"]
[WhiteElo "2236"]
[BlackElo "2083"]

1.e4 c5 2.Nf3 d6 3.d4 cxd4 4.Nxd4 Nf6 5.Nc3 a6 6.f3 e5 7.Nb3 Be6 8.Be3 Qc7
9.Qd2 b5 10.g4 h6 11.O-O-O Nbd7 12.Nd5 Bxd5 13.exd5 Nb6 14.Bxb6 Qxb6 15.Kb1 g6
16.h4 Bg7 17.Bh3 O-O 18.g5 hxg5 19.hxg5 Nh5 20.Bg4 Nf4 21.Qh2 f5 22.gxf6 Rxf6
23.Nd2 Kf7 24.Ne4 Rh8 25.Qd2 Rxh1 26.Rxh1 Rf5 27.Bxf5 gxf5 28.Ng3 Kg6 29.Qh2  1-0

[Event "Open"]
[Site "Porto San Giorgo ITA"]
[Date "2003.08.21"]
[Round "1"]
[White "Cioara,A"]
[Black "Allen,Do"]
[Result "1-0"]
[WhiteElo "2394"]
[BlackElo "1978"]

1.e4 c5 2.Nf3 d6 3.d4 cxd4 4.Nxd4 Nf6 5.Nc3 a6 6.f3 e5 7.Nb3 Be6 8.Be3 Be7
9.Qd2 Nbd7 10.g4 h6 11.O-O-O b5 12.Kb1 Nb6 13.Qf2 Rb8 14.Nc5 Bc8 15.Nd3 Qc7
16.Nb4 Qb7 17.Nxa6 Ra8 18.Bxb6  1-0

[Event "2nd It"]
[Site "Pays de Charleroi FRA"]
[Date "2003.08.22"]
[Round "1"]
[White "Hautot,S"]
[Black "Genov,Peta"]
[Result "0-1"]
[WhiteElo "2317"]
[BlackElo "2501"]

1.e4 c5 2.Nf3 d6 3.d4 cxd4 4.Nxd4 Nf6 5.Nc3 a6 6.f3 h5 7.Bg5 e6 8.Qd2 Nbd7
9.O-O-O b5 10.Kb1 Bb7 11.Bd3 Be7 12.h4 Rc8 13.Rhe1 Ne5 14.Nce2 Nc4 15.Bxc4 Rxc4
16.Nf4 Qb6 17.Nb3 b4 18.e5 dxe5 19.Rxe5 O-O 20.Qe2 Rfc8 21.Rd2 Qg1+ 22.Rd1 Qb6
23.Rd2 Qg1+ 24.Nc1 Rd4 25.Rxd4 Qxd4  0-1

[Event "9th Open"]
[Site "Pilsen-Lobzy CZE"]
[Date "2003.08.24"]
[Round "9"]
[White "Staszko,M"]
[Black "Bujak,M"]
[Result "0-1"]
[WhiteElo "2083"]
[BlackElo "2159"]

1.e4 c5 2.Nf3 d6 3.d4 cxd4 4.Nxd4 Nf6 5.Nc3 a6 6.f3 e5 7.Nb3 Be6 8.Be3 Be7
9.Qd2 h5 10.O-O-O Nbd7 11.Kb1 b5 12.Qf2 O-O 13.Rg1 Rc8 14.Nd5 Nxd5 15.exd5 Bf5
16.Rd2 Bg5 17.h4 Bxe3 18.Qxe3 Qb6 19.Qxb6 Nxb6 20.Bd3 Bxd3 21.Rxd3 Rc4 22.g3 Rfc8
23.Rc1 f5 24.Nd2 R4c5 25.Nb3 R5c7 26.Nd2 g6 27.a3 Kf7 28.c3 Rc5 29.b3 Rxd5
30.Rxd5 Nxd5 31.Kb2 Ke6 32.a4 bxa4 33.bxa4 Nb6 34.Ra1 Kd5 35.Kc2 Nc4 36.Nb3 a5
37.Rd1+ Ke6 38.Re1 Nb6 39.Nd4+ Kd7 40.Nb5 Nxa4 41.Ra1 Rc5 42.Rxa4 Rxb5 43.Kd3 Kc6
44.g4 f4 45.Ke4 Rb1 46.gxh5 Re1+ 47.Kd3 Re3+ 48.Kd2 gxh5 49.Rxa5 Rxf3 50.Ra6+ Kd5
51.c4+ Kxc4 52.Rxd6 Rf2+ 53.Ke1 Rh2 54.Rd8 f3 55.Rh8 Kd3 56.Rxh5 e4 57.Ra5 Ke3
58.Ra3+ Kf4 59.Ra8 Rh1+ 60.Kd2 e3+ 61.Kd3 Rd1+ 62.Kc2 e2  0-1

[Event "23rd Open"]
[Site "Bratto ITA"]
[Date "2003.08.25"]
[Round "5"]
[White "Del Rio Angelis,S"]
[Black "Contin,D"]
[Result "1/2-1/2"]
[WhiteElo "2479"]
[BlackElo "2356"]

1.e4 c5 2.Nf3 d6 3.d4 cxd4 4.Nxd4 Nf6 5.Nc3 a6 6.f3 e6 7.Be3 Nc6 8.Qd2 Be7
9.O-O-O O-O 10.g4 Nxd4 11.Bxd4 b5 12.g5 Nd7 13.h4 Qc7 14.Kb1 b4 15.Na4 Bb7
16.b3 Bc6 17.Nb2 d5 18.exd5 Bxd5 19.Qe3 Bc5 20.Be2  1/2-1/2

[Event "II American Continental"]
[Site "Buenos Aires ARG"]
[Date "2003.08.26"]
[Round "8"]
[White "Lo Presti,R"]
[Black "Hernandez,He"]
[Result "0-1"]
[WhiteElo "2042"]
[BlackElo "2200"]

1.e4 c5 2.Nf3 d6 3.d4 cxd4 4.Nxd4 Nf6 5.Nc3 a6 6.f3 e6 7.Be3 Be7 8.g4 h6
9.Qd2 Qc7 10.O-O-O Nbd7 11.h4 b5 12.Bd3 Ne5 13.g5 Nxd3+ 14.Qxd3 hxg5 15.hxg5 Nh5
16.g6 Qc4 17.gxf7+ Kxf7 18.Qd2 Bb7 19.Kb1 b4 20.Nce2 Rac8 21.Nc1 a5 22.Qg2 g6
23.f4 Rhg8 24.Qf3 Bf6 25.e5 Bh8 26.Qf2 a4 27.Nf3 d5 28.Ng5+ Ke8 29.Rd4 Qb5
30.Bd2 Rc4 31.b3 axb3 32.cxb3 Rxd4 33.Qxd4 Rf8 34.Rg1 Rf5 35.Nh3 Kf7 36.Bxb4 Nxf4
37.Nxf4 Bxe5 38.Qc5 Qxc5 39.Bxc5 Bxf4 40.Nd3 g5  0-1

[Event "II American Continental"]
[Site "Buenos Aires ARG"]
[Date "2003.08.26"]
[Round "8"]
[White "Valerga,D"]
[Black "Toloza,P"]
[Result "1-0"]
[WhiteElo "2496"]
[BlackElo "2374"]

1.e4 c5 2.Nf3 d6 3.d4 cxd4 4.Nxd4 Nf6 5.Nc3 a6 6.f3 e5 7.Nb3 Be6 8.Be3 Nbd7
9.Qd2 h5 10.Nd5 Nxd5 11.exd5 Bf5 12.Bd3 Bxd3 13.Qxd3 Rc8 14.O-O-O g6 15.Kb1 Bg7
16.h4 Qc7 17.c3 Qc4 18.Qxc4 Rxc4 19.Nd2 Rc7 20.Ne4 Bf8 21.f4 f5 22.Ng5 e4
23.Bd4 Rh6 24.b3 Be7 25.Ne6 Rc8 26.c4 Bf6 27.Bxf6 Nxf6 28.Kb2 Ke7 29.Rh3 b5
30.Rc3 bxc4 31.bxc4 Nd7 32.Rdc1 Rhh8 33.Rb3 Rb8 34.Kc3 Rxb3+ 35.axb3 Nc5
36.Nxc5 dxc5 37.Ra1 Ra8 38.Ra5 Kd6 39.b4 cxb4+ 40.Kxb4 Ra7 41.Kc3 Kc7 42.c5 Kb7
43.Kd4 Ra8 44.c6+ Kb6 45.Ra3 a5 46.Rb3+ Ka6 47.d6 a4 48.Rb1  1-0

[Event "15th Vidmar mem"]
[Site "Terme Zrece SLO"]
[Date "2003.08.26"]
[Round "9"]
[White "Borisek,J"]
[Black "Sutovsky,E"]
[Result "0-1"]
[WhiteElo "2443"]
[BlackElo "2639"]

1.e4 c5 2.Nf3 d6 3.d4 cxd4 4.Nxd4 Nf6 5.Nc3 a6 6.f3 e5 7.Nb3 Be6 8.Be3 Be7
9.Qd2 O-O 10.O-O-O Qc7 11.g4 Rc8 12.g5 Nh5 13.Nd5 Bxd5 14.exd5 Nd7 15.Bh3 g6
16.Bg4 a5 17.Bxh5 a4 18.Na1 a3 19.b3 gxh5 20.Kb1 b5 21.Qd3 Nc5 22.Qf5 Na4
23.bxa4 Qc3 24.Bc1 bxa4 25.Qd3 Rab8+ 26.Nb3 axb3 27.cxb3 Rxb3+ 28.axb3 a2+
29.Kxa2 Ra8+ 30.Ba3 Qb4 31.Kb1 Qxa3 32.Rhg1 Qa1+  0-1

[Event "ch-FRA"]
[Site "Aix les Bains FRA"]
[Date "2003.08.28"]
[Round "10"]
[White "Bacrot,E"]
[Black "Lautier,J"]
[Result "1-0"]
[WhiteElo "2645"]
[BlackElo "2677"]

1.e4 c5 2.Nf3 d6 3.d4 cxd4 4.Nxd4 Nf6 5.Nc3 a6 6.f3 e5 7.Nb3 Be6 8.Be3 Nbd7
9.g4 Nb6 10.g5 Nh5 11.Qd2 Be7 12.O-O-O Rc8 13.Kb1 O-O 14.Rg1 g6 15.Qf2 Nc4
16.Bxc4 Bxc4 17.Na4 Be6 18.Nb6 Rc7 19.Qd2 Rc6 20.Nd5 Bxd5 21.exd5 Rc8 22.Qd3 Qd7
23.Nd2 f6 24.gxf6 Rxf6 25.c4 Rf7 26.c5 Rd8 27.cxd6 Bxd6 28.Bg5 Rdf8 29.Bh6 Nf4
30.Qb3 Rd8 31.Bxf4 Rxf4 32.Ne4 Kh8 33.Rd3 Rf7 34.Rc1 Qf5 35.a3 Rfd7 36.Ka2 Bf8
37.Rcd1 Qf7 38.d6 Qf5 39.Rd5 Rc8 40.R1d3 b5 41.Rc3 Rxc3 42.Qxc3 Qe6 43.Qd3 Qf5
44.Kb1 Kg8 45.Ka1 h6 46.Qc3 Bg7 47.Qc8+ Kh7 48.Rd3 Qf7 49.Rc3 b4 50.axb4 Qf5
51.Qe8 Rb7 52.Rc8 g5 53.Qg8+ Kg6 54.Rc7  1-0

[Event "Acropolis Open"]
[Site "Athens GRE"]
[Date "2003.08.28"]
[Round "4"]
[White "Kapnisis,S"]
[Black "Zahilas,L"]
[Result "1-0"]
[WhiteElo "2392"]
[BlackElo "2200"]

1.e4 c5 2.Nf3 d6 3.d4 cxd4 4.Nxd4 Nf6 5.Nc3 a6 6.f3 e6 7.Be3 b5 8.Qd2 Nbd7
9.g4 Nb6 10.O-O-O Bb7 11.Bd3 Nfd7 12.Bg5 Be7 13.Bxe7 Qxe7 14.Bxb5 axb5 15.Ndxb5 O-O
16.Nxd6 Bc6 17.Qe3 Rfb8 18.b3 Ne5 19.Rhf1 Qa7 20.Qc5 Qa5 21.Qxa5 Rxa5 22.Rd2 g5
23.Rd4 Ra7 24.a4 Nbd7 25.Kd2 Nc5 26.Nc4 Rb4 27.Rd8+ Kg7 28.Nxe5 Ba8 29.Nb5 Ra5
30.Kc3  1-0

[Event "1st League TCh-SCG"]
[Site "Budva SCG"]
[Date "2003.08.29"]
[Round "1"]
[White "Kalezic,B"]
[Black "Benderac,S"]
[Result "1-0"]
[WhiteElo "2430"]
[BlackElo "2345"]

1.e4 c5 2.Nf3 d6 3.d4 cxd4 4.Nxd4 Nf6 5.Nc3 a6 6.f3 e5 7.Nb3 Be6 8.Be3 Nbd7
9.Qd2 Be7 10.g4 Nb6 11.g5 Nfd7 12.O-O-O Qc7 13.Kb1 O-O 14.h4 Nc4 15.Bxc4 Qxc4
16.h5 Rfc8 17.g6 fxg6 18.hxg6 hxg6 19.Qg2 Nf8 20.Bg5 Bxg5 21.Qxg5 a5 22.f4 a4
23.Nd2 Qc7 24.a3 Ra6 25.f5 Rb6 26.Rh3 gxf5 27.exf5 Bd5 28.Rg1  1-0

[Event "Acropolis GM"]
[Site "Athens GRE"]
[Date "2003.09.02"]
[Round "9"]
[White "Parligras,M"]
[Black "Vouldis,A"]
[Result "1-0"]
[WhiteElo "2525"]
[BlackElo "2539"]

1.e4 c5 2.Nf3 d6 3.d4 cxd4 4.Nxd4 Nf6 5.Nc3 a6 6.f3 e6 7.Be3 Be7 8.Qd2 Nc6
9.O-O-O O-O 10.g4 Nxd4 11.Qxd4 b5 12.h4 Rb8 13.Kb1 b4 14.Ne2 a5 15.h5 Nd7
16.Qd2 Ba6 17.Nd4 Qc8 18.Bxa6 Qxa6 19.g5 b3 20.cxb3 a4 21.b4 Ne5 22.a3 d5
23.exd5 Nc4 24.Qc3 Rbc8 25.h6 e5 26.Nc6 Rfe8 27.hxg7 e4 28.Rxh7 Kxh7 29.Rh1+ Kg6
30.g8=Q+  1-0

[Event "56th ch-RUS"]
[Site "Krasnoyarsk RUS"]
[Date "2003.09.03"]
[Round "1"]
[White "Alekseev,E"]
[Black "Aseev,K"]
[Result "1-0"]
[WhiteElo "2613"]
[BlackElo "2522"]

1.e4 c5 2.Nf3 d6 3.d4 cxd4 4.Nxd4 Nf6 5.Nc3 a6 6.f3 e5 7.Nb3 Be7 8.Be3 Be6
9.Qd2 Nbd7 10.g4 Rc8 11.O-O-O O-O 12.Kb1 Nb6 13.h4 Nc4 14.Bxc4 Bxc4 15.h5 b5
16.g5 Ne8 17.Rhg1 f5 18.Nd5 f4 19.Bb6 Qd7 20.Na5 Bd8 21.Nxc4 Rxc4 22.Qg2 Rc6
23.Bxd8 Qxd8 24.Qg4 Kh8 25.h6 g6 26.Qe6 Nc7 27.Qe7 Qxe7 28.Nxe7 Rb6 29.Nd5 Nxd5
30.Rxd5 Re8 31.Rgd1 Re6 32.Rc5  1-0

[Event "56th ch-RUS"]
[Site "Krasnoyarsk RUS"]
[Date "2003.09.04"]
[Round "2"]
[White "Smirnov,P"]
[Black "Zakhartsov,V"]
[Result "1-0"]
[WhiteElo "2629"]
[BlackElo "2525"]

1.e4 c5 2.Nf3 d6 3.d4 cxd4 4.Nxd4 Nf6 5.Nc3 a6 6.f3 e5 7.Nb3 Be6 8.Be3 Be7
9.Qd2 O-O 10.O-O-O Qc7 11.g4 Nbd7 12.Kb1 Rfc8 13.Qf2 b5 14.g5 Nh5 15.h4 b4
16.Nd5 Bxd5 17.Rxd5 Rcb8 18.Na5 Nb6 19.Rd1 g6 20.Be2 Bf8 21.f4 Nxf4 22.Bxf4 exf4
23.Qxf4 Re8 24.h5 Ra7 25.hxg6 fxg6 26.Bg4 Na4 27.Qf6 Qf7 28.e5 dxe5 29.Qc6 Nc5
30.Rdf1 Qe7 31.Qd5+ Kh8 32.Nc6 Qb7 33.Rxf8+ Rxf8 34.Qxc5 Raa8 35.Qxe5+ Qg7
36.Qd5 Rae8 37.Be6 Rf4 38.Ne5 Ref8 39.a4 bxa3 40.bxa3 Rf2 41.Rh6 Rb8+ 42.Kc1 Rf6
43.Kd1 Rb1+ 44.Ke2 Qc7 45.Qa8+ Rb8 46.Rxh7+  1-0

[Event "56th ch-RUS"]
[Site "Krasnoyarsk RUS"]
[Date "2003.09.05"]
[Round "3"]
[White "Potkin,V"]
[Black "Popov,Val"]
[Result "1/2-1/2"]
[WhiteElo "2518"]
[BlackElo "2573"]

1.e4 c5 2.Nf3 d6 3.d4 Nf6 4.Nc3 cxd4 5.Nxd4 a6 6.f3 e5 7.Nb3 Be6 8.Be3 Be7
9.Qd2 h5 10.O-O-O Nbd7 11.Kb1 Rc8 12.h3 g6 13.Bd3 h4 14.f4 exf4 15.Bxf4 Nh5
16.Bh2 Ne5 17.Be2 Nf6 18.Rhf1 Qc7 19.Rf2 Qb6 20.Bg1 Qc6 21.Qe3 b5 22.a3 Qb7
23.Rff1 O-O 24.Bf2 Nc4 25.Bxc4 bxc4 26.Na5 Qc7 27.Bxh4 Ng4 28.hxg4 Bxh4 29.Qh6 Qxa5
30.Qxh4 Qe5 31.Rh1 Rfd8 32.Rdf1 Rb8 33.Rf3 a5 34.Kc1 g5 35.Qf2 Rb7 36.Rf6 Kf8
37.Rhh6 Ke7  1/2-1/2

[Event "TCh-CHN"]
[Site "Tianjing CHN"]
[Date "2003.09.05"]
[Round "6"]
[White "Zhang Pengxiang"]
[Black "Zhao Jun"]
[Result "0-1"]
[WhiteElo "2567"]
[BlackElo "2447"]

1.e4 c5 2.Nf3 d6 3.d4 cxd4 4.Nxd4 Nf6 5.Nc3 a6 6.f3 e5 7.Nb3 Be6 8.Be3 Nbd7
9.g4 Nb6 10.Qd2 d5 11.Bxb6 Qxb6 12.exd5 Rd8 13.Qf2 Qxf2+ 14.Kxf2 Nxd5 15.Nxd5 Bxd5
16.Bd3 Be7 17.Rhd1 h5 18.c4 Bc6 19.g5 Bxg5 20.Na5 Be7 21.Nxc6 bxc6 22.Be4 Bc5+
23.Ke2 Rh6 24.Rxd8+ Kxd8 25.Rb1 a5 26.a3 a4 27.Bc2 Kc7 28.Bxa4 Rg6 29.b4 Bd4
30.Kd3 Rg2 31.b5 Ra2 32.Bb3 Rf2 33.bxc6 Kxc6 34.Ba4+ Kd6 35.Bd1 Rxh2 36.Rb7 h4
37.Rxf7 Rg2 38.Rf5 g6 39.Rf7 h3 40.Rh7 h2 41.f4 Rg3+ 42.Kd2 exf4 43.Rxh2 f3
44.Rh7 f2 45.Be2 Rg1 46.Rf7 Ke6 47.Rf4 Bc5 48.Rf3 g5 49.Bd3 g4 50.Rf5 g3
51.Rxc5 g2 52.Rc6+ Kd7  0-1

[Event "1st League TCh-SCG"]
[Site "Budva SCG"]
[Date "2003.09.06"]
[Round "8"]
[White "Iordachescu,V"]
[Black "Georgiev,Ki"]
[Result "1/2-1/2"]
[WhiteElo "2606"]
[BlackElo "2637"]

1.e4 c5 2.Nf3 d6 3.d4 cxd4 4.Nxd4 Nf6 5.Nc3 a6 6.Be3 Ng4 7.Bc1 Nf6 8.f3 Qb6
9.g4 Nc6 10.Nb3 e6 11.Qe2 Be7 12.g5 Nd7 13.h4 Qc7 14.Be3 b5 15.f4 Nc5 16.Bg2 b4
17.Nd1 a5 18.Nf2 a4 19.Nxc5 dxc5 20.e5 Ba6 21.Qf3 Rc8 22.Ne4 Nd4 23.Qf2 O-O
24.h5 Rfd8 25.g6 Nf5 26.gxf7+ Kxf7 27.Ng3 Bh4 28.Rxh4 Nxh4 29.Be4 Kg8 30.Qh2 Qe7
31.Kf2 Rf8 32.Qh3 Rcd8 33.Rh1 Nf5 34.Nxf5 exf5 35.Bxf5 Bc8 36.Bxc8 Rxc8 37.Rd1 Rcd8
38.Rxd8 Rxd8 39.Qg4 Rf8 40.Kg3 Re8 41.b3 axb3 42.axb3 Kh8 43.Qf5 g6 44.hxg6 hxg6
45.Qe4 Kg7 46.Qc6 Rh8 47.Kg2 Qf7 48.Qxc5 Qb7+ 49.Kg3 Rc8 50.Qd4 Kf7 51.e6+ Kxe6
52.Qe5+ Kf7 53.Bd4 Qc6 54.Qg7+ Ke8 55.Qg8+ Ke7 56.Qg7+ Ke8 57.Qg8+ Ke7 58.Qg7+ Ke8  1/2-1/2

[Event "Polish Extraleague"]
[Site "Lubniewice POL"]
[Date "2003.09.06"]
[Round "8"]
[White "Acs,P"]
[Black "Dydyshko,V"]
[Result "1/2-1/2"]
[WhiteElo "2606"]
[BlackElo "2548"]

1.e4 c5 2.Nf3 d6 3.d4 cxd4 4.Nxd4 Nf6 5.Nc3 a6 6.f3 Qb6 7.Nb3 e6 8.g4 Nc6
9.Qe2 Qc7 10.Be3 b5 11.O-O-O Bb7 12.g5 Nd7 13.Qf2 Nce5 14.a3 Rc8 15.Kb1 Qd8
16.Rg1 Nc4 17.Bxc4 Rxc4 18.Rd4 Rxc3 19.bxc3 Ne5 20.Qe2 Qc7 21.Bc1 Nc4 22.Rd3 e5
23.f4 Be7 24.f5 Bd8 25.Rg4 Bc6 26.Rh3 Qb7 27.Rgh4 Rg8 28.Rxh7 Bxe4 29.Rh8 Rxh8
30.Rxh8+ Kd7 31.Qg4 Kc7 32.Rh4 Bf3 33.Qg1  1/2-1/2

[Event "TCh-CRO"]
[Site "Rabac CRO"]
[Date "2003.09.07"]
[Round "1"]
[White "Zufic,M"]
[Black "Vitic,I"]
[Result "1-0"]
[WhiteElo "2399"]
[BlackElo "2336"]

1.e4 c5 2.Nf3 d6 3.d4 cxd4 4.Nxd4 Nf6 5.Nc3 a6 6.f3 e5 7.Nb3 Be7 8.Be3 Be6
9.Qd2 O-O 10.O-O-O Nbd7 11.g4 b5 12.g5 Nh5 13.Rg1 Nb6 14.Nd5 Nxd5 15.exd5 Bf5
16.Na5 Qc7 17.Nc6 Rfc8 18.f4 exf4 19.Bxf4 Bf8 20.Be3 g6 21.Be2 Ng7 22.Bf3 Re8
23.Bd4 Be4 24.Bxe4 Rxe4 25.Rde1 Rae8 26.Rxe4 Rxe4 27.Re1 Rxe1+ 28.Qxe1 Qd7
29.b3 Qg4 30.Bf6 h6 31.h4 Kh7 32.Qa5 Qxh4 33.Kb2 Qe4 34.Qxa6 Qxd5 35.Qc8 Ne6
36.Qe8 hxg5 37.Qxf7+ Kh6 38.Nd4 Nf4 39.Qxf8+ Kh5 40.Qh8+ Kg4 41.Qh2 b4 42.Qg1+ Ng2
43.Qd1+ Kh3 44.Qd3+ Kg4 45.Qxg6 Nf4 46.Qe8 Qc5 47.Ne2 Kf3 48.Bd4 Qd5 49.Qe3+ Kg4
50.Qg1+ Kf5 51.Ng3+ Kg6 52.Qe3 Ne6 53.Qd3+ Kf7 54.Qh7+ Kf8 55.Nf5 g4 56.Qe7+ Kg8  1-0

[Event "TCh-CRO"]
[Site "Rabac CRO"]
[Date "2003.09.08"]
[Round "2"]
[White "Fedorov,Alex"]
[Black "Berkes,F"]
[Result "1/2-1/2"]
[WhiteElo "2595"]
[BlackElo "2590"]

1.e4 c5 2.Nf3 d6 3.d4 cxd4 4.Nxd4 Nf6 5.Nc3 a6 6.f3 e6 7.Be3 b5 8.g4 Nfd7
9.Qd2 Nb6 10.O-O-O N8d7 11.Qf2 Bb7 12.Bd3 Rc8 13.Nce2 Qc7 14.Kb1 d5 15.Ng3 Nc4
16.Bxc4 bxc4 17.f4 Be7 18.g5 Nc5 19.f5 e5 20.f6 exd4 21.Bxd4 Nxe4 22.Nxe4 dxe4
23.fxe7  1/2-1/2

[Event "1st League TCh-SCG w"]
[Site "Budva SCG"]
[Date "2003.09.09"]
[Round "11"]
[White "Gaponenko,I"]
[Black "Kovacevic,R"]
[Result "1-0"]
[WhiteElo "2399"]
[BlackElo "2054"]

1.e4 c5 2.Nf3 d6 3.d4 cxd4 4.Nxd4 Nf6 5.Nc3 a6 6.f3 e5 7.Nb3 b5 8.Be3 Bb7
9.Qd2 Nbd7 10.O-O-O Be7 11.g4 b4 12.Nd5 Nxd5 13.exd5 a5 14.Kb1 O-O 15.g5 Nb6
16.Bxb6 Qxb6 17.f4 a4 18.Nc1 b3 19.cxb3 axb3 20.a3 Ra4 21.Ne2 Rc8 22.fxe5 Rc2
23.Qd3 Ba6 24.Qf3 dxe5 25.Nc3 Rf4 26.d6 Bd8 27.Qd5 Rff2 28.Na4 Bc8 29.Qxe5 Qc6
30.Bb5 Bf5 31.Qxf5 Qxh1 32.Qd3 Qg2 33.Qxb3 Qb7 34.Re1 g6 35.Bd3 Rc6 36.d7 Rd6
37.Re8+ Kg7 38.Bb5 Qh1+ 39.Ka2 Bf6 40.Qb4 Qd5+ 41.Bc4 Qd4 42.Rc8  1-0

[Event "EYb16"]
[Site "Budva YUG"]
[Date "2003.09.15"]
[Round "3"]
[White "Pokazanjev,N"]
[Black "Vicol,D"]
[Result "1-0"]
[WhiteElo "2381"]
[BlackElo "2194"]

1.e4 c5 2.Nf3 d6 3.d4 cxd4 4.Nxd4 Nf6 5.Nc3 a6 6.f3 e5 7.Nb3 Be6 8.Be3 h5
9.Qd2 Nbd7 10.O-O-O Rc8 11.Kb1 b5 12.Qf2 Qc7 13.h3 Be7 14.Rg1 h4 15.a3 Nc5
16.Nxc5 dxc5 17.Nd5 Nxd5 18.exd5 Bf5 19.f4 e4 20.Be2 Bd6 21.g4 hxg3 22.Rxg3 g6
23.Bg4 Bxg4 24.Rxg4 Rh5 25.Qg2 Qe7 26.Rg5 Rxg5 27.fxg5 Kf8 28.Qg4 Re8 29.Rf1 Kg7
30.h4 Be5 31.Qxe4 Qd6 32.h5 Re7 33.hxg6 Qxg6 34.Qf3 Rc7 35.Rh1 b4 36.Rh6 bxa3
37.Rxg6+ fxg6 38.bxa3 Rf7 39.Qe4 Rb7+ 40.Kc1 Bb2+ 41.Kd1 Bxa3 42.d6  1-0

[Event "EYb14"]
[Site "Budva YUG"]
[Date "2003.09.16"]
[Round "4"]
[White "Beck,F"]
[Black "Matic,N"]
[Result "1-0"]
[WhiteElo "2087"]
[BlackElo "2137"]

1.e4 c5 2.Nf3 d6 3.d4 cxd4 4.Nxd4 Nf6 5.Nc3 a6 6.f3 e6 7.Be3 b5 8.g4 b4 9.Nce2 h6
10.Qd2 e5 11.Nb3 d5 12.O-O-O Be6 13.Bc5 Nbd7 14.Bxf8 Rxf8 15.Qxb4 dxe4 16.Na5 Qb6
17.Qxb6 Nxb6 18.Rd6 Nc8 19.Rd2 exf3 20.Nc3 Nxg4 21.Bh3 f5 22.Rf1 Ne7 23.Rxf3 e4
24.Rf1 e3 25.Rd6 Bg8 26.Re1 Rf6 27.Rxf6 Nxf6 28.Rxe3 f4 29.Re1 Kf8 30.Ne4 Nfd5
31.c4 Nb4 32.Nc5 Nxa2+ 33.Kd2 Nb4 34.Kc3 Nec6 35.Nxc6 Nxc6 36.Bg2 Rc8 37.Nd7+ Kf7
38.Bxc6 Kg6 39.Ne5+ Kf5 40.Bd7+  1-0

[Event "EYb16"]
[Site "Budva YUG"]
[Date "2003.09.17"]
[Round "5"]
[White "Pokazanjev,N"]
[Black "Lappage,J"]
[Result "1-0"]
[WhiteElo "2381"]
[BlackElo "2208"]

1.e4 c5 2.Nf3 d6 3.d4 cxd4 4.Nxd4 Nf6 5.Nc3 a6 6.f3 Qb6 7.Nb3 e6 8.Qe2 Be7
9.Be3 Qc7 10.a4 b6 11.Qf2 Nbd7 12.Be2 Bb7 13.O-O O-O 14.Rfd1 Rfd8 15.Qg3 Kh8
16.Rd2 e5 17.Qf2 Nc5 18.Rad1 Rd7 19.Qf1 Kg8 20.Bc4 h6 21.Nxc5 bxc5 22.b3 Qa5
23.Rd3 Nh5 24.g3 Rad8 25.Nd5 Bxd5 26.Rxd5 Nf6 27.R5d2 Ra7 28.Rd3 Qb6 29.Bd2 Qc6
30.Bc3 Rf8 31.Qe2 g6 32.Qd2 Kg7 33.Rxd6 Bxd6 34.Qxd6 Qxd6 35.Rxd6 Nd7 36.Bxa6 f6
37.Bc4 Nb8 38.Bb5 g5 39.Kf2 Kf7 40.Bb2 Ke7 41.Rd5 Rc7 42.Ba3 Rfc8 43.Ke2 Ke6
44.Bc4 Ke7 45.Bb5 Ke6 46.Kd3 Nd7 47.a5 Ra8 48.Bc4 Ke7 49.a6 Nb6  1-0

[Event "4th YM"]
[Site "Lausanne SUI"]
[Date "2003.09.17"]
[Round "1.1"]
[White "Bacrot,E"]
[Black "Papa,S"]
[Result "1-0"]
[WhiteElo "2645"]
[BlackElo "2372"]

1.e4 c5 2.Nf3 d6 3.d4 cxd4 4.Nxd4 Nf6 5.Nc3 a6 6.f3 e6 7.Be3 Be7 8.Qd2 Nc6
9.O-O-O O-O 10.g4 Nxd4 11.Bxd4 b5 12.Kb1 Nd7 13.h4 Qc7 14.g5 b4 15.Na4 Bb7
16.b3 d5 17.g6 fxg6 18.Bh3 e5 19.Be3 d4 20.h5 Qc6 21.hxg6 Rxf3 22.Bxd7 Qxd7
23.Rxh7 Qe6 24.Rg1 Bxe4 25.Qh2 Bxg6 26.Rh8+ Kf7 27.Rxa8 dxe3 28.Qh8 Qc6 29.Qg8+ Kf6
30.Rf8+ Bxf8 31.Qxf8+ Bf7 32.Qxg7+ Ke6 33.Qh6+ Rf6 34.Qxe3 Bg6 35.Nc5+ Kf7
36.Qxe5 Rf5 37.Nd3 Qb6 38.Qg3 a5 39.Nf4  1-0

[Event "4th YM"]
[Site "Lausanne SUI"]
[Date "2003.09.18"]
[Round "1.2"]
[White "Karjakin,Sergey"]
[Black "Naiditsch,A"]
[Result "0-1"]
[WhiteElo "2560"]
[BlackElo "2574"]

1.e4 c5 2.Nf3 d6 3.d4 cxd4 4.Nxd4 Nf6 5.Nc3 a6 6.f3 e5 7.Nb3 Be6 8.Be3 Nbd7
9.g4 b5 10.g5 b4 11.Nd5 Nxd5 12.exd5 Bf5 13.Bd3 Bxd3 14.Qxd3 Be7 15.Rg1 O-O
16.O-O-O a5 17.Nd2 f5 18.gxf6 Nxf6 19.Kb1 Nh5 20.Rg4 Qd7 21.Rdg1 Qf5 22.Qxf5 Rxf5
23.c4 bxc3 24.bxc3 g6 25.c4 a4 26.Kc2 Bd8 27.Rf1 Nf6 28.Rgg1 Rh5 29.Rf2 Ba5
30.Ne4 Nxe4 31.fxe4 Rh3 32.Rg3 Rh4 33.Rgf3 Rxe4 34.Kd3 Rh4 35.Rf6 Bb4 36.Rb2 e4+
37.Kc2 Rxh2+ 38.Rf2 Rxf2+ 39.Bxf2 Rf8 40.Bd4 Bc5 41.Bxc5 dxc5 42.Rb5 h5 43.Rxc5 h4
44.d6 Rd8 45.Rd5 Kf7 46.c5 h3 47.Rd1 Ke6 48.Kc3 h2 49.Kd4 Rh8 50.Rh1 Rh4
51.Ke3 g5 52.Kd4 a3 53.Ke3 Kd7 54.Kd4 Kc6 55.Ke3 Rh7 56.Kxe4 Kxc5 57.d7 Rxd7
58.Rxh2 Rd4+ 59.Ke3 Rg4 60.Rc2+ Rc4 61.Rd2 Kb4 62.Kd3 Rc3+ 63.Kd4 g4 64.Rg2 g3
65.Ke4 Rc4+ 66.Kf5 Rd4 67.Rxg3 Rd2 68.Rb3+ Ka4 69.Rb8 Rxa2 70.Ke4 Rd2 71.Ke3 Rd5
72.Ke4 Rb5  0-1

[Event "zt 2.5"]
[Site "Asuncion PAR"]
[Date "2003.09.19"]
[Round "6"]
[White "Rodriguez,And URU"]
[Black "Izquierdo,D"]
[Result "1-0"]
[WhiteElo "2485"]
[BlackElo "2302"]

1.e4 c5 2.Nf3 d6 3.d4 cxd4 4.Nxd4 Nf6 5.Nc3 a6 6.f3 e5 7.Nb3 h6 8.Be3 Be6
9.Qd2 Be7 10.O-O-O Nbd7 11.g4 Qc7 12.h4 O-O-O 13.Rg1 Nc5 14.g5 hxg5 15.hxg5 Nxb3+
16.cxb3 Nd7 17.Kb1 Kb8 18.Nd5 Bxd5 19.Qxd5 Rdf8 20.Rc1 Qd8 21.Bxa6 bxa6 22.Rc6 Nc5
23.Rc1 Qa5 24.b4 Qxb4 25.Bxc5 dxc5 26.Qxe5+ Ka8 27.Qxe7 Qb7 28.Qd6  1-0

[Event "EYb14"]
[Site "Budva YUG"]
[Date "2003.09.19"]
[Round "6"]
[White "Siebarth,R"]
[Black "Margolin,E"]
[Result "1/2-1/2"]
[WhiteElo "2117"]
[BlackElo "2222"]

1.e4 c5 2.Nf3 d6 3.d4 cxd4 4.Nxd4 Nf6 5.Nc3 a6 6.f3 e5 7.Nb3 Be6 8.Be3 Be7
9.Qd2 O-O 10.O-O-O Qc7 11.g4 Rc8 12.g5 Nh5 13.Nd5 Bxd5 14.exd5 a5 15.a4 Nf4
16.Bxf4 exf4 17.h4 Nd7 18.Bh3 Re8 19.Bxd7 Qxd7 20.Qxf4 Bf8 21.h5 Re5 22.g6 fxg6
23.hxg6 h6 24.c4 Qe8 25.Rdg1 Be7 26.Rxh6 gxh6 27.Qxh6 Bg5+ 28.Rxg5 Re1+ 29.Kc2 Qe2+
30.Nd2 Qd1+ 31.Kd3 Qe2+ 32.Kc2  1/2-1/2